000 00593nam a2200205 a 4500
001 0263
005 20140414132015.0
008 040902s19uu xx 00 eng d
020 _a0-590-46988-6
050 _aTR
_bAL1 1991
100 _aAnholt, Catherine
245 _aAll about you /
_cCatherine and Laurence Anholt.
260 _aNew York :
_bScholastic,
_c1991.
300 _a1 v.p. : ill. ; cm.
520 _aHere is a book full of important questions all about you!
650 _aEmotions
_xFiction.
650 _aHouses
_xFiction.
650 _aFamily
_xFiction.
999 _c113357
_d113357